000 01130cam a2200241 4500
001 WB4020-01
008 040527n2004 000 0 eng u
035 _a(Sirsi) u126301
245 _aSmall construction site safety
260 _c2004
490 _aContract Journal
_v423(6477) 26 May 2004, 4(1)
520 _aThe European Agency for Safety and Health at Work (EASHW) has issued a fact sheet on improving safety on small construction sites. The EASHW document advises on preparations that a contractor should carry out prior to project commencement, notes key hazards and risks and comments on on-site management and worker consultation issues. It also includes a checklist of preventative steps that can be taken to reduce accidents. The fact sheet is available at http://agency.osha.eu.int/publications/factsheets/ 48/en/index.htm.
590 _aWB
590 _aWB
650 _aSITE SAFETY
650 _aHAZARDS
650 _aCONSTRUCTION SITES
650 _aRISKS
650 _aON-SITE MANAGEMENT
650 _aWORKER CONSULTATION
690 _aBUILDING AND CONSTRUCTION-HEALTH AND SAFETY
942 _n0
999 _c117410
_d117410